Statistics for Countries that borders Iran by their official names.

Click here to take the quiz!

General Stats

  • This quiz has been taken 6 times
  • The average score is 6 of 7

Answer Stats

Country% Correct
Islamic Republic of Pakistan
100%
Republic of Iraq
100%
Republic of Armenia
80%
Republic of Azerbaijan
80%
Republic of Türkiye
80%
Islamic Emirate of Afghanistan
60%
Republic of Turkmenistan
60%

Score Distribution

Percentile by Number Answered

Percent of People with Each Score

Your Score History

You have not taken this quiz